Lá vem história (Record no. 115112)
[ view plain ]
| 000 -LÍDER | |
|---|---|
| campo de controle de tamanho fixo | 00536 a2200205 4500 |
| 001 - NÚMERO DE CONTROLE | |
| campo de controle | 115112 |
| 020 ## - ISBN - INTERNATIONAL STANDARD BOOK NUMBER | |
| ISBN - International Standard Book Number | 9788585466732 |
| 041 ## - CÓDIGO DE IDIOMA | |
| Código do idioma do texto/trilha sonora ou título diferente | por |
| 082 ## - CDD - CLASSIFICAÇÃO DECIMAL DE DEWEY | |
| Número de Classificação | 028.5 |
| 040 ## - FONTE DA CATALOGAÇÃO | |
| Instituição da catalogação original | BR-BrIDEA |
| Instituição que transcreveu o registro | BR-BrIDEA |
| 090 ## - NÚMERO DE CHAMADA LOCAL | |
| Número de chamada (OCLC) (R); Número de chamada, CALL (RLIN) (NR) | AP Year 2 028 |
| Número Cutter local (OCLC); Número de classificação do livro, CALL (RLIN) | PRI |
| 100 ## - ENTRADA PRINCIPAL--NOME PESSOAL | |
| Nome pessoal | Prieto, Heloisa. |
| 250 ## - EDIÇÃO | |
| Edição | . ed. |
| 245 10 - TÍTULO | |
| Título | Lá vem história |
| Restante do título | contos do folclore mundial |
| Indicação de responsabilidade, etc. | Heloisa Prieto |
| 260 ## - PUBLICAÇÃO, DISTRIBUIÇÃO, ETC. | |
| Local de publicação, distribuição, etc. | São Paulo |
| Nome do editor, distribuidor, etc. | Companhia das Letrinhas |
| Data da publicação, distribuição, etc. | 1997 |
| 697 ## - ENTRADA DE ASSUNTO LOCAL--ENTIDADE COLETIVA (RLIN) | |
| Nome corporativo ou nome da jurisdição | Folclore. |
| 697 ## - ENTRADA DE ASSUNTO LOCAL--ENTIDADE COLETIVA (RLIN) | |
| Nome corporativo ou nome da jurisdição | Literatura infantojuvenil. |
| 856 ## - LOCALIZAÇÃO ELETRÔNICA E ACESSO | |
| Uniform Resource Identifier | <a href="000031/00003127.jpg">000031/00003127.jpg</a> |
| 942 ## - ELEMENTOS DE ENTRADA ADICIONADOS (KOHA) | |
| Tipo de material Koha | Livros |
| Situação do descarte | Situação das perdas | Fonte da classificação ou esquema de arquivamento na estante | Situação física | Não pode ser emprestado | Biblioteca de origem | Biblioteca atual | Data de aquisição | Total de empréstimos | Número de chamada completo | Código de barras | Data de último acesso | Data do preço efetivo | Tipo de material Koha | Devolução em | Data do último empréstimo |
|---|---|---|---|---|---|---|---|---|---|---|---|---|---|---|---|
| Canadian School of Niterói - Piratininga | Canadian School of Niterói - Piratininga | 09/02/2024 | PRI-L3 | A08520 | 09/02/2024 | 09/02/2024 | Livros | ||||||||
| Canadian School of Niterói - Piratininga | Canadian School of Niterói - Piratininga | 09/02/2024 | PRI-L3 | A14173 | 09/02/2024 | 09/02/2024 | Livros | ||||||||
| Classificação Decimal de Dewey | ECB - SUDOESTE | ECB - SUDOESTE | 10/04/2015 | P Year 2 028 | 00015022SSW | 23/01/2024 | 23/01/2024 | Livros | |||||||
| Classificação Decimal de Dewey | ECB - SUDOESTE | ECB - SUDOESTE | 15/03/2018 | P Year 2 028 | 00035735SSW | 23/01/2024 | 23/01/2024 | Livros | |||||||
| Classificação Decimal de Dewey | ECB - SUDOESTE | ECB - SUDOESTE | 07/03/2014 | P Year 2 028 | 00007792SSW | 23/01/2024 | 23/01/2024 | Livros | |||||||
| Classificação Decimal de Dewey | ECB - SUDOESTE | ECB - SUDOESTE | 10/04/2015 | 1 | P Year 2 028 | 00015023SSW | 05/04/2024 | 23/01/2024 | Livros | 04/06/2024 | 05/04/2024 | ||||
| Classificação Decimal de Dewey | ECB - ÁGUAS CLARAS | ECB - ÁGUAS CLARAS | 21/11/2018 | AP Year 2 028 PRI | 00038816AGC | 23/01/2024 | 23/01/2024 | Livros | |||||||
| Classificação Decimal de Dewey | ECB - ÁGUAS CLARAS | ECB - ÁGUAS CLARAS | 21/11/2018 | AP Year 2 028 PRI | 00038817AGC | 23/01/2024 | 23/01/2024 | Livros | |||||||
| Leonardo Da Vinci - Alphaville 2 | Leonardo Da Vinci - Alphaville 2 | 27/03/2024 | 028.5 P949L | 2A605 | 27/03/2024 | 27/03/2024 | Livros |